000 00426nam a2200133Ia 4500
005 20260326235440.0
008 260326s9999||||xx |||||||||||||| ||und||
100 _aSixtos López, Gerardo
245 0 _aMorelia y su Centro Histórico :
_b Contribución a la Historia Urbana de la Ciudad /
_cGerardo Sixtos López
260 _bInstituto Michoacano de Cultura
300 _a150 p.
650 _aARQUITECTURA COLONIAL
942 _cBK
999 _c7359
_d7359